000 00353nam a2200145Ia 4500
008 230711s9999||||xx |||||||||||||| ||und||
041 _aENG
082 _a546
_bLE-I
100 _aLee,J.D
245 2 _aA new concise inorganic Chemistry
250 _a1st . Ed.
260 _c1989
_aNew York
_bVan Nostrand Reinhold Co.
650 _aChemistry
942 _cBK
999 _c226
_d226